| 000 | 00412nam a2200157Ia 4500 | ||
|---|---|---|---|
| 999 |
_c2849 _d2849 |
||
| 003 | MAJU-Karachi | ||
| 005 | 20240924093924.0 | ||
| 008 | 190902s9999||||xx |||||||||||||| ||und|| | ||
| 020 | _a81-7446-066-7 | ||
| 040 |
_aOriginal Copy _bEnglish _cLeg _dLegacy |
||
| 100 | _aCharles Bladen | ||
| 245 | 0 | _aEvent Management an Introduction | |
| 260 |
_aLondon _bPrentice Hall _c1997 |
||
| 300 | _a211 | ||
| 942 |
_cBK _2ddc |
||